000 00813nam a22002297a 4500
005 20260427111810.0
008 260427b |||||||| |||| 00| 0 eng d
020 _a9789380363561 (pbk)
037 _cTB
040 _aCRL
_cCRL
041 _2hin
_ahin
084 _aO152,1NSIx Q1
_qCRL
100 _aसिंह, तारा
_91235579
245 _aदूतिका
260 _aदिल्ली, भारत:
_bमीनाक्षी प्रकाशन,
_c2011.
300 _a96पृ.
365 _b60.00
_cINR
650 _aहिन्दी कविता
650 _aहिन्दी साहित्य
942 _2CC
_cTB
_hO152,1NSIx Q1
_n0
999 _c1848555
_d1848555